Qui a dit ... (Rap français) 2 - Statistiques

Statistiques générales
  • Ce quiz a été pris 1 066 fois
  • Le résultat moyen est 3 sur 20
Statistiques - réponses
Punchlines Rappeur(euse) % Correct
Ma santé pour un SMIC, j’préfère crever riche et solo. SCH
49%
J'peux séparer la mer mais je peux pas rassembler nos cœurs. Damso
48%
J’vais sauver les miens avant les vôtres, gros, sinon, c’est pas la peine. Mais sauver les siens avant les autres, gros, c’est l’programme des Le Pen. Vald
48%
Ma chérie, j'ai rien d'Aladdin, regarde nos tetes balafrées, marqués par la life, la rue nous a pas raté. Djadja & Dinaz
36%
rien à foutre que tu sois musclé. Le brolic vient tout droit de Moscou. RK
30%
Et j'me perds dans des histoires inarrêtables, c'est lequel qui va t'tuer pour 10 balles ? Da Uzi
23%
Pardonne moi j'voulais juste entre en toi, pas dans ta vie. Dosseh
20%
La rue a déjà tué mon enfance donc n’appelle pas l’SAMU. Hatik
19%
On peut mourir t'alleur mais on se dit a demain, même si on s'parle plus appelle si t'as besoin. Sasso
18%
Vulgaire comme l’équipe a Cartman. Mister V
15%
On jure sur la vie de nos mères, comme si elles elles juraient sur la nôtre. Dinos
6%
On est pas des voyous, ni des bandits, que des mecs de cités des fois un peu perdus. Kalash Criminel
6%
C’est ton papa qui va pleurer si ta mère se met à pleurer et c’est ta mère qui va pleurer si elle voit son fils en miettes. Larry
5%
Si vous êtes 10 je sors mon 9, y'a égalité. Cinco
3%
J'dormirais quand je t'aurais fumé. Uzi
2%
J'ai appris a compter sur un banc, c’était même pas mes billets. Walid
2%
Dites aux rappeurs qui jouent les anciens que j’ai plus de fans que eux sur Facebook. Brulux
1%
Ta meuf, tout l'monde l'a eu comme des Air Force. Kenedy
1%
Range moi ton petit couteau j'en ai 40 dans le dos. Keusty
1%
Je ne parle qu’une fois, tu comprends pas bah j’te frappe plus fort. YL
1%
Aucun quiz correspondant
Distribution des résultats
% des personnes avec chaque résultat
Percentile par nombre de réponses
Votre historique - résultats
Vous n’avez pas pris ce quiz